1986 FIFA World Cup Team Logos - Statistics

General Stats
  • This quiz has been taken 68 times
  • The average score is 21 of 24
Answer Stats
Picture Answer % Correct
France
98%
Italy
98%
Belgium
96%
England
96%
Spain
96%
Argentina
94%
Canada
94%
Portugal
94%
South Korea
94%
Hungary
90%
Soviet Union
90%
West Germany
90%
Brazil
88%
Mexico
87%
Uruguay
87%
Bulgaria
85%
Poland
83%
Scotland
83%
Iraq
81%
Denmark
77%
Northern Ireland
73%
Paraguay
73%
Algeria
69%
Morocco
60%
No matching quizzes found
Score Distribution
Percent of People with Each Score
Percentile by Number Answered
Your Score History
You have not taken this quiz